[Event "Olympiad-44"]
[Site "Chennai"]
[Date "2022.08.08"]
[Round "10.4"]
[White "Tate, Alan"]
[Black "Markoja, Boris"]
[Result "1/2-1/2"]
[WhiteElo "2313"]
[BlackElo "2452"]
[PlyCount "63"]
[EventDate "2022.07.29"]
[EventType "team-swiss"]
[EventRounds "11"]
[EventCountry "IND"]
[SourceTitle "CBM 210"]
[Source "ChessBase"]
[SourceDate "2022.10.31"]
[SourceVersion "1"]
[SourceVersionDate "2022.10.31"]
[SourceQuality "1"]
[WhiteTeam "Scotland"]
[BlackTeam "Slovenia"]
[WhiteTeamCountry "SCO"]
[BlackTeamCountry "SLO"]

1. Nf3 d5 2. g3 Nd7 3. d4 Nb6 4. Bg2 Bf5 5. Nh4 e6 6. Nxf5 exf5 7. Qd3 g6 8. a4 a5 9. 0-0 Nf6 10. b3 Be7 11. c4 0-0 12. Nc3 c6 13. Bg5 Ne4 14. Bxe7 Qxe7 15. cxd5 Nxc3 16. Qxc3 Nxd5 17. Bxd5 cxd5 18. Qd2 Rfc8 19. Rfc1 Qb4 20. Qxb4 axb4 21. Rc5 Rxc5 22. dxc5 Rc8 23. Rd1 Rxc5 24. Rd4 b5 25. a5 Rc1+ 26. Kg2 Ra1 27. Rxd5 Rxa5 28. Rd4 Kf8 29. Rxb4 Ke7 30. Rd4 Ra3 31. Rb4 Ra5 32. Rd4 1/2-1/2

[Event "Olympiad-44"]
[Site "Chennai"]
[Date "2022.08.05"]
[Round "7.3"]
[White "Yordanov, Lachezar"]
[Black "Markoja, Boris"]
[Result "1/2-1/2"]
[WhiteElo "2316"]
[BlackElo "2452"]
[PlyCount "63"]
[EventDate "2022.07.29"]
[EventType "team-swiss"]
[EventRounds "11"]
[EventCountry "IND"]
[SourceTitle "CBM 210"]
[Source "ChessBase"]
[SourceDate "2022.10.31"]
[SourceVersion "1"]
[SourceVersionDate "2022.10.31"]
[SourceQuality "1"]
[WhiteTeam "Bulgaria"]
[BlackTeam "Slovenia"]
[WhiteTeamCountry "BUL"]
[BlackTeamCountry "SLO"]

1. d4 Nf6 2. c4 e6 3. Nc3 Bb4 4. e3 b6 5. Nge2 Ba6 6. a3 Be7 7. Ng3 d5 8. cxd5 Bxf1 9. Nxf1 exd5 10. b4 0-0 11. Ng3 c5 12. bxc5 bxc5 13. dxc5 Na6 14. Nf5 Bxc5 15. 0-0 Re8 16. Qd3 Nc7 17. Bb2 Bf8 18. Rfd1 Rb8 19. Rab1 Qd7 20. Ne2 Ne4 21. Neg3 Nxg3 22. Nxg3 Rb7 23. Ba1 Rxb1 24. Rxb1 Qa4 25. Nf5 Ne6 26. h3 Qc4 27. Rd1 Rc8 28. Be5 Qe4 29. Qxe4 dxe4 30. Bxg7 Nxg7 31. Nh6+ Kh8 32. Nxf7+ 1/2-1/2

[Event "Olympiad-44"]
[Site "Chennai"]
[Date "2022.07.31"]
[Round "3.4"]
[White "Markoja, Boris"]
[Black "Vokhidov, Shamsiddin"]
[Result "1/2-1/2"]
[WhiteElo "2452"]
[BlackElo "2552"]
[PlyCount "64"]
[EventDate "2022.07.29"]
[EventType "team-swiss"]
[EventRounds "11"]
[EventCountry "IND"]
[SourceTitle "CBM 210"]
[Source "ChessBase"]
[SourceDate "2022.10.31"]
[SourceVersion "1"]
[SourceVersionDate "2022.10.31"]
[SourceQuality "1"]
[WhiteTeam "Slovenia"]
[BlackTeam "Uzbekistan"]
[WhiteTeamCountry "SLO"]
[BlackTeamCountry "UZB"]

1. d4 Nf6 2. g3 d5 3. Bg2 Bf5 4. Nf3 e6 5. c4 c6 6. Nc3 Be7 7. 0-0 0-0 8. b3 Ne4 9. Bb2 Nd7 10. Qc1 a5 11. Rd1 Qc7 12. Nd2 Nxc3 13. Qxc3 Bb4 14. Qc1 a4 15. Bc3 Qa5 16. Bxb4 Qxb4 17. a3 Qb6 18. Qb2 axb3 19. cxd5 exd5 20. Nxb3 Ra4 21. Ra2 Rfa8 22. f3 Qa7 23. Rda1 b5 24. Qc1 b4 25. Qxc6 bxa3 26. g4 Be6 27. e3 Nb6 28. Bf1 Bd7 29. Qd6 Nc8 30. Qc5 Nb6 31. Qd6 Nc8 32. Qc5 Nb6 1/2-1/2

[Event "Steyr Landesliga 2122"]
[Site "Austria"]
[Date "2021.11.13"]
[Round "2.2"]
[White "Kravanja, Georg"]
[Black "Markoja, Boris"]
[Result "0-1"]
[WhiteElo "2199"]
[BlackElo "2453"]
[PlyCount "96"]
[EventDate "2021.10.16"]
[EventType "team-tourn"]
[EventRounds "11"]
[EventCountry "AUT"]
[SourceTitle "EXT 2023"]
[Source "ChessBase"]
[SourceDate "2022.10.05"]
[SourceVersion "1"]
[SourceVersionDate "2022.10.05"]
[SourceQuality "1"]
[WhiteTeam "Graz Schachfreunde"]
[BlackTeam "Gamlitz"]
[WhiteTeamCountry "AUT"]
[BlackTeamCountry "AUT"]

1. d4 Nf6 2. c4 e6 3. Nc3 Bb4 4. e3 0-0 5. Nge2 d5 6. a3 Bd6 7. Ng3 b6 8. cxd5 exd5 9. Bd3 Re8 10. 0-0 Bb7 11. b4 Nbd7 12. Rb1 Ne4 13. Ncxe4 dxe4 14. Bc4 Nf6 15. Bd2 Bd5 16. Bb5 c6 17. Be2 g6 18. a4 a6 19. b5 cxb5 20. axb5 a5 21. Qa4 Rc8 22. Rfc1 Qd7 23. Rxc8 Rxc8 24. Rc1 h5 25. Nf1 Rxc1 26. Bxc1 Qc7 27. Bb2 Bb4 28. Qd1 Ne8 29. Nd2 Nd6 30. Nb1 Qc8 31. Na3 h4 32. h3 f5 33. Qc1 Qxc1+ 34. Bxc1 Kf7 35. Nc2 Bc4 36. Bxc4+ Nxc4 37. Kf1 Ke6 38. Ke2 Kd5 39. g3 Be7 40. gxh4 a4 41. Bd2 Nxd2 42. Kxd2 Kc4 43. h5 gxh5 44. d5 a3 45. Kc1 Kxd5 46. Kb1 Kc4 47. Ka2 Bh4 48. Nd4 f4 0-1

[Event "SLO-chT NML 31st"]
[Site "Ptuj/Grosuplje"]
[Date "2021.10.17"]
[Round "6.3"]
[White "Markus, Robert"]
[Black "Markoja, Boris"]
[Result "1-0"]
[WhiteElo "2587"]
[BlackElo "2460"]
[PlyCount "123"]
[EventDate "2021.10.08"]
[EventType "team-tourn"]
[EventRounds "9"]
[EventCountry "SLO"]
[SourceTitle "EXT 2023"]
[Source "ChessBase"]
[SourceDate "2022.10.05"]
[SourceVersion "1"]
[SourceVersionDate "2022.10.05"]
[SourceQuality "1"]
[WhiteTeam "Ljubljana Tajfun"]
[BlackTeam "Maribor Poligram"]
[WhiteTeamCountry "SLO"]
[BlackTeamCountry "SLO"]

1. d4 Nf6 2. c4 e6 3. Nf3 c5 4. d5 d6 5. Nc3 exd5 6. cxd5 g6 7. Nd2 Bg7 8. e4 0-0 9. Be2 Na6 10. 0-0 Nc7 11. a4 Re8 12. f3 b6 13. Nc4 Ba6 14. Bg5 h6 15. Be3 Bxc4 16. Bxc4 a6 17. Qd2 Kh7 18. Rfe1 Rb8 19. Bf1 Nd7 20. Rab1 b5 21. b4 cxb4 22. Rxb4 a5 23. Rxb5 Nxb5 24. Nxb5 Nc5 25. Bxc5 dxc5 26. d6 Re6 27. Rd1 Rxb5 28. axb5 Bd4+ 29. Kh1 Rxd6 30. Qa2 Kg7 31. g3 Be5 32. Rxd6 Bxd6 33. Bc4 Bc7 34. Kg2 Qf6 35. Qc2 g5 36. Ba2 Qd4 37. Qb3 c4 38. Qxc4 Qxc4 39. Bxc4 Kf6 40. Bb3 Ke7 41. h4 gxh4 42. gxh4 Kf6 43. h5 Ke7 44. Kh3 Bb8 45. Kg4 Kf6 46. f4 Bc7 47. e5+ Ke7 48. Kf5 Bb6 49. Ke4 f6 50. e6 Bc7 51. Kf5 Bd6 52. b6 Bc5 53. b7 Bd6 54. Kg6 Bxf4 55. Kg7 a4 56. Ba2 a3 57. Kg6 f5 58. Kxf5 Bd6 59. Kg6 Bf4 60. Kg7 Ke8 61. Kf6 Bd6 62. e7 1-0

[Event "EU-Cup 36th"]
[Site "Struga"]
[Date "2021.09.20"]
[Round "3.1"]
[White "Markoja, Boris"]
[Black "Dardha, Daniel"]
[Result "1-0"]
[WhiteElo "2453"]
[BlackElo "2521"]
[PlyCount "69"]
[EventDate "2021.09.18"]
[EventType "team-swiss"]
[EventRounds "7"]
[EventCountry "MKD"]
[SourceTitle "CBM 204 Extra"]
[Source "ChessBase"]
[SourceDate "2021.11.30"]
[SourceVersion "1"]
[SourceVersionDate "2021.11.30"]
[SourceQuality "1"]
[WhiteTeam "Maribor Poligram"]
[BlackTeam "Wirtzfeld"]
[WhiteTeamCountry "SLO"]
[BlackTeamCountry "BEL"]

1. c4 b6 2. d4 e6 3. e4 Bb4+ 4. Nc3 Bb7 5. f3 f5 6. exf5 Nh6 7. fxe6 Nf5 8. Bf4 dxe6 9. Nge2 0-0 10. Qd2 Nc6 11. 0-0-0 Qf6 12. Be3 Qg6 13. Ng3 b5 14. Nxf5 exf5 15. cxb5 Ne7 16. Bc4+ Kh8 17. Qc2 a6 18. bxa6 Bxa6 19. Bb3 Bd6 20. h4 Nc6 21. h5 Qe8 22. Qd2 Na5 23. h6 g6 24. d5 Kg8 25. Ba4 Qf7 26. Qd4 Rfb8 27. b3 Rb4 28. Qg7+ Qxg7 29. hxg7 Nb7 30. a3 Rxa4 31. Nxa4 Bxa3+ 32. Kc2 Bb4 33. Bd2 Bd6 34. Bc3 Bg3 35. Rxh7 1-0

[Event "EU-Cup 36th"]
[Site "Struga"]
[Date "2021.09.19"]
[Round "2.6"]
[White "Berkes, Ferenc"]
[Black "Markoja, Boris"]
[Result "1-0"]
[WhiteElo "2671"]
[BlackElo "2453"]
[PlyCount "85"]
[EventDate "2021.09.18"]
[EventType "team-swiss"]
[EventRounds "7"]
[EventCountry "MKD"]
[SourceTitle "CBM 204 Extra"]
[Source "ChessBase"]
[SourceDate "2021.11.30"]
[SourceVersion "1"]
[SourceVersionDate "2021.11.30"]
[SourceQuality "1"]
[WhiteTeam "XtraCon Team"]
[BlackTeam "Maribor Poligram"]
[WhiteTeamCountry "DEN"]
[BlackTeamCountry "SLO"]

1. d4 Nf6 2. c4 c5 3. d5 e6 4. Nc3 exd5 5. cxd5 d6 6. Nf3 g6 7. Nd2 Bg7 8. e4 0-0 9. Be2 Na6 10. 0-0 Nc7 11. a4 Re8 12. f3 b6 13. Nc4 Ba6 14. Bg5 h6 15. Bh4 Qd7 16. Kh1 Bxc4 17. Bxc4 a6 18. Qd3 Nh5 19. Rfe1 g5 20. Bf2 Nf4 21. Qc2 b5 22. Bf1 b4 23. Nb1 b3 24. Qc1 Rab8 25. Nd2 f5 26. Ra3 fxe4 27. fxe4 Qf7 28. Bg1 Qg6 29. Re3 Re7 30. Rexb3 Rf8 31. Rb6 Be5 32. Bxc5 Ne8 33. Bg1 Nf6 34. Qc4 Qh5 35. Nf3 Ng6 36. Rab3 Bf4 37. e5 Ng4 38. Rb8 N4xe5 39. Rxf8+ Kxf8 40. Qc8+ Kg7 41. Nd4 Bxh2 42. Rh3 Qd1 43. Nf5+ 1-0

[Event "Online Olym Div Top-B"]
[Site "Chess.com INT"]
[Date "2021.09.10"]
[Round "8.4"]
[White "Markoja, Boris"]
[Black "Nikitenko, Mihail"]
[Result "1-0"]
[WhiteElo "2453"]
[BlackElo "2501"]
[PlyCount "113"]
[EventDate "2021.09.08"]
[EventType "team (rapid)"]
[EventRounds "9"]
[EventCountry "USA"]
[SourceTitle "CBM 204 Extra"]
[Source "ChessBase"]
[SourceDate "2021.11.30"]
[SourceVersion "1"]
[SourceVersionDate "2021.11.30"]
[SourceQuality "1"]
[WhiteTeam "Slovenia"]
[BlackTeam "Belarus"]
[WhiteTeamCountry "SLO"]
[BlackTeamCountry "BLR"]

1. d4 d5 2. c4 c6 3. Nf3 Nf6 4. g3 Bf5 5. Nc3 e6 6. Nh4 Bg4 7. h3 Bh5 8. g4 Bg6 9. g5 Ne4 10. Nxg6 Nxc3 11. bxc3 hxg6 12. Qb3 b6 13. Bg2 Be7 14. h4 Nd7 15. cxd5 cxd5 16. c4 dxc4 17. Qxc4 Rc8 18. Qb3 Nb8 19. Bb2 Kf8 20. Kf1 Nc6 21. Rd1 Na5 22. Qd3 Nc4 23. Ba1 Qd6 24. Rh3 Kg8 25. d5 e5 26. Be4 Qd7 27. Bg2 Bd6 28. Kg1 Qg4 29. Qe4 Qxe4 30. Bxe4 Kf8 31. Rc1 Ke7 32. Bd3 Na5 33. Rd1 Rc5 34. Bb1 Rc4 35. e4 Rhc8 36. f4 exf4 37. e5 Bc5+ 38. Kg2 Be3 39. e6 fxe6 40. Bxg7 exd5 41. Bxg6 Ke6 42. h5 Nc6 43. Bd3 Ra4 44. h6 Rxa2+ 45. Kh1 Bd4 46. Bxd4 Nxd4 47. g6 Kf6 48. g7 Ne6 49. Rg1 Nxg7 50. hxg7 Rg8 51. Rh6+ Kf7 52. Rc6 f3 53. Bh7 Rxg7 54. Rc7+ Ke6 55. Rcxg7 Ra4 56. Bg8+ Kd6 57. R7g4 1-0

[Event "Online Olym Div2 D"]
[Site "Chess.com INT"]
[Date "2021.09.02"]
[Round "3.1"]
[White "Karim, Ismael"]
[Black "Markoja, Boris"]
[Result "1/2-1/2"]
[WhiteElo "2351"]
[BlackElo "2453"]
[PlyCount "34"]
[EventDate "2021.09.02"]
[EventType "team (rapid)"]
[EventRounds "9"]
[EventCountry "USA"]
[SourceTitle "CBM 204 Extra"]
[Source "ChessBase"]
[SourceDate "2021.11.30"]
[SourceVersion "1"]
[SourceVersionDate "2021.11.30"]
[SourceQuality "1"]
[WhiteTeam "Morocco"]
[BlackTeam "Slovenia"]
[WhiteTeamCountry "MAR"]
[BlackTeamCountry "SLO"]

1. e4 e6 2. d4 d5 3. Nc3 Bb4 4. Nge2 dxe4 5. a3 Bxc3+ 6. Nxc3 Nc6 7. d5 exd5 8. Qxd5 Be6 9. Qxe4 Nf6 10. Qa4 Qd4 11. Bb5 Qxa4 12. Nxa4 0-0-0 13. Bxc6 bxc6 14. 0-0 Bf5 15. c3 Bc2 16. Nc5 Nd7 17. Nxd7 Rxd7 1/2-1/2

[Event "Spilimbergo op 19th"]
[Site "Spilimbergo"]
[Date "2021.08.14"]
[Round "8"]
[White "Markoja, Boris"]
[Black "Sucikova, Svetlana"]
[Result "1-0"]
[WhiteElo "2447"]
[BlackElo "2131"]
[PlyCount "69"]
[EventDate "2021.08.09"]
[EventType "swiss"]
[EventRounds "9"]
[EventCountry "ITA"]
[SourceTitle "CBM 203 Extra"]
[Source "ChessBase"]
[SourceDate "2021.09.30"]
[SourceVersion "1"]
[SourceVersionDate "2021.09.30"]
[SourceQuality "1"]

1. Nf3 d5 2. c4 c6 3. d4 Nf6 4. g3 Bf5 5. Nc3 Nbd7 6. cxd5 cxd5 7. Qb3 Qb6 8. Qxb6 Nxb6 9. Nb5 Kd8 10. Ne5 Bg6 11. Bf4 e6 12. f3 Ne8 13. h4 f6 14. Nxg6 hxg6 15. Bh3 Bb4+ 16. Kf2 a6 17. a3 Be7 18. Nc3 Kd7 19. e4 dxe4 20. fxe4 Bd6 21. d5 Bxf4 22. Bxe6+ Ke7 23. gxf4 Nc7 24. Bg4 f5 25. Bf3 fxe4 26. Bxe4 Raf8 27. Kg3 Rf6 28. Rhe1 Kd8 29. Bg2 Rhf8 30. Ne4 Rxf4 31. Nc5 Na4 32. Nxb7+ Kc8 33. d6 Nb5 34. Rac1+ Kb8 35. d7 1-0

[Event "Spilimbergo op 19th"]
[Site "Spilimbergo"]
[Date "2021.08.11"]
[Round "4"]
[White "Markoja, Boris"]
[Black "Bosiocic, Marin"]
[Result "0-1"]
[WhiteElo "2447"]
[BlackElo "2610"]
[PlyCount "124"]
[EventDate "2021.08.09"]
[EventType "swiss"]
[EventRounds "9"]
[EventCountry "ITA"]
[SourceTitle "CBM 203 Extra"]
[Source "ChessBase"]
[SourceDate "2021.09.30"]
[SourceVersion "1"]
[SourceVersionDate "2021.09.30"]
[SourceQuality "1"]

1. c4 e5 2. g3 Nf6 3. Bg2 c6 4. Nf3 e4 5. Nd4 d5 6. cxd5 Qxd5 7. e3 Qe5 8. d3 exd3 9. Nd2 Bc5 10. Nc4 Qe7 11. Qxd3 0-0 12. 0-0 Na6 13. b3 Nb4 14. Qb1 Bxd4 15. exd4 Nfd5 16. Bb2 Qg5 17. Nd6 Qg6 18. Qxg6 hxg6 19. Bxd5 Nxd5 20. Ba3 Rd8 21. Rfe1 g5 22. f3 a5 23. Nc4 Be6 24. Bc5 Ra6 25. a4 b6 26. Ba3 b5 27. Ne5 b4 28. Bb2 Ne7 29. Nd3 Ra7 30. Nc5 Bd5 31. Kf2 f6 32. h3 Kf7 33. Rad1 Ng6 34. Bc1 Rh8 35. Kg2 Ne7 36. Be3 Rh7 37. Rd3 Ra8 38. Ne4 Rah8 39. Bg1 Nf5 40. Nf2 Ne7 41. Ne4 Nc8 42. Nf2 Nd6 43. Ne4 Nf5 44. Nf2 Ra8 45. Ne4 Kg6 46. Nf2 Rd8 47. Ng4 Rhh8 48. Bf2 Rde8 49. Rxe8 Rxe8 50. Kf1 Kf7 51. Be1 Re7 52. Bf2 Ke8 53. Nh2 Kd7 54. g4 Nd6 55. Be3 Nc4 56. Bc1 Na3 57. Kf2 Nc2 58. Bb2 Re8 59. Nf1 Ne1 60. Re3 Rxe3 61. Kxe3 Ng2+ 62. Kd3 Bxb3 0-1

[Event "EU-Cup Online Gr-C"]
[Site "Tornelo INT"]
[Date "2021.03.27"]
[Round "4.1"]
[White "Braun, Christian1111"]
[Black "Markoja, Boris"]
[Result "0-1"]
[WhiteElo "2409"]
[BlackElo "2439"]
[PlyCount "56"]
[EventDate "2021.03.27"]
[EventType "team-tourn (rapid)"]
[EventRounds "9"]
[EventCountry "NET"]
[SourceTitle "CBM 201 Extra"]
[Source "ChessBase"]
[SourceDate "2021.05.31"]
[SourceVersion "1"]
[SourceVersionDate "2021.05.31"]
[SourceQuality "1"]
[WhiteTeam "Limburg Zuid"]
[BlackTeam "Maribor Poligram"]
[WhiteTeamCountry "NED"]
[BlackTeamCountry "SLO"]

1. e4 e6 2. d3 d5 3. Nd2 c5 4. Ngf3 Nc6 5. g3 Bd6 6. Bg2 Nge7 7. 0-0 0-0 8. Re1 Qc7 9. Qe2 f6 10. c3 Bd7 11. a3 d4 12. Nc4 e5 13. cxd4 cxd4 14. b4 b5 15. Nxd6 Qxd6 16. Nd2 Be6 17. Rb1 a5 18. bxa5 Rxa5 19. Nb3 Ra7 20. f4 b4 21. axb4 Nxb4 22. Bd2 Nec6 23. Rec1 Na2 24. Rc5 Bxb3 25. Rxc6 Qxc6 26. Rxb3 Nc1 27. Bxc1 Qxc1+ 28. Bf1 exf4 0-1

[Event "EU-Cup Online Gr-C"]
[Site "Tornelo INT"]
[Date "2021.03.27"]
[Round "3.1"]
[White "Markoja, Boris"]
[Black "Migot, Tangi"]
[Result "1-0"]
[WhiteElo "2439"]
[BlackElo "2353"]
[PlyCount "147"]
[EventDate "2021.03.27"]
[EventType "team-tourn (rapid)"]
[EventRounds "9"]
[EventCountry "NET"]
[SourceTitle "CBM 201 Extra"]
[Source "ChessBase"]
[SourceDate "2021.05.31"]
[SourceVersion "1"]
[SourceVersionDate "2021.05.31"]
[SourceQuality "1"]
[WhiteTeam "Maribor Poligram"]
[BlackTeam "Guingamp"]
[WhiteTeamCountry "SLO"]
[BlackTeamCountry "FRA"]

1. d4 d5 2. c4 c6 3. Nf3 Nf6 4. Qb3 dxc4 5. Qxc4 Bf5 6. g3 e6 7. Bg2 Be7 8. 0-0 0-0 9. Nbd2 Qb6 10. Nh4 Bg4 11. h3 Bh5 12. g4 Nd5 13. Ndf3 Qd8 14. gxh5 Bxh4 15. h6 Bf6 16. hxg7 Bxg7 17. e4 Nb6 18. Qb3 N8d7 19. a4 a5 20. Bf4 Kh8 21. Rad1 Qe7 22. Bc7 Ra6 23. e5 Rg8 24. Kh1 Bh6 25. Rg1 Qb4 26. Qxb4 axb4 27. b3 Nd5 28. Bd6 Raa8 29. Bf1 Rxg1+ 30. Kxg1 Bf8 31. Ng5 Kg8 32. Ne4 f5 33. Nc5 Nxc5 34. dxc5 Bh6 35. Bc4 Kf7 36. Bxd5 exd5 37. Rd4 Ke6 38. Rxb4 Rg8+ 39. Kf1 Rg7 40. Ke2 Bg5 41. a5 Bd8 42. Ra4 Rg1 43. a6 bxa6 44. Rxa6 Rb1 45. Rxc6 Rxb3 46. Rc8 Bg5 47. c6 d4 48. Rb8 d3+ 49. Kf1 Rc3 50. c7 d2 51. Ke2 Kd7 52. e6+ Kxd6 53. c8Q Rxc8 54. Rxc8 Kxe6 55. Rh8 h6 56. h4 Bf4 57. Ra8 Kf6 58. Rd8 Kg6 59. Kf3 Be5 60. Rxd2 Kh5 61. Rd5 Bb8 62. Rxf5+ Kxh4 63. Rf8 Bc7 64. Rg8 h5 65. Ke4 Kh3 66. f4 h4 67. f5 Kh2 68. f6 h3 69. f7 Bd6 70. Kf3 Kh1 71. f8Q Bxf8 72. Rxf8 h2 73. Ra8 Kg1 74. Ra1# 1-0

[Event "Bassano del Grappa Mix GM 1st"]
[Site "Bassano del Grappa"]
[Date "2021.03.21"]
[Round "9"]
[White "Markoja, Boris"]
[Black "Niemann, Hans Moke"]
[Result "1/2-1/2"]
[WhiteElo "2439"]
[BlackElo "2526"]
[PlyCount "36"]
[EventDate "2021.03.17"]
[EventType "swiss"]
[EventRounds "9"]
[EventCountry "ITA"]
[SourceTitle "CBM 201 Extra"]
[Source "ChessBase"]
[SourceDate "2021.05.31"]
[SourceVersion "1"]
[SourceVersionDate "2021.05.31"]
[SourceQuality "1"]

1. c4 Nf6 2. Nf3 e6 3. g3 d5 4. d4 Bb4+ 5. Nbd2 0-0 6. Bg2 dxc4 7. 0-0 b5 8. a4 c6 9. axb5 cxb5 10. Ng5 Nd5 11. e4 Nc7 12. Nxh7 Kxh7 13. e5 Bxd2 14. Qh5+ Kg8 15. Bxd2 Qe8 16. Bxa8 Nxa8 17. Rxa7 Nb6 18. Bg5 N8d7 1/2-1/2

[Event "Bassano del Grappa Mix GM 1st"]
[Site "Bassano del Grappa"]
[Date "2021.03.20"]
[Round "8"]
[White "Bellahcene, Bilel"]
[Black "Markoja, Boris"]
[Result "1/2-1/2"]
[WhiteElo "2517"]
[BlackElo "2439"]
[PlyCount "44"]
[EventDate "2021.03.17"]
[EventType "swiss"]
[EventRounds "9"]
[EventCountry "ITA"]
[SourceTitle "CBM 201 Extra"]
[Source "ChessBase"]
[SourceDate "2021.05.31"]
[SourceVersion "1"]
[SourceVersionDate "2021.05.31"]
[SourceQuality "1"]

1. d4 Nf6 2. c4 e6 3. Nf3 b6 4. g3 Ba6 5. Qc2 c5 6. d5 exd5 7. cxd5 Bb7 8. Bg2 Nxd5 9. 0-0 Nc6 10. Rd1 Be7 11. Qf5 Nf6 12. e4 g6 13. Qf4 0-0 14. e5 Nh5 15. Qc4 d5 16. exd6 Bxd6 17. Nc3 Na5 18. Qf1 Qb8 19. Nd5 Bxd5 20. Rxd5 Qc7 21. b4 Nc6 22. b5 Ne7 1/2-1/2

[Event "Bassano del Grappa Mix GM 1st"]
[Site "Bassano del Grappa"]
[Date "2021.03.20"]
[Round "7"]
[White "Markoja, Boris"]
[Black "Martin Duque, Jesus"]
[Result "1/2-1/2"]
[WhiteElo "2439"]
[BlackElo "2454"]
[PlyCount "115"]
[EventDate "2021.03.17"]
[EventType "swiss"]
[EventRounds "9"]
[EventCountry "ITA"]
[SourceTitle "CBM 201 Extra"]
[Source "ChessBase"]
[SourceDate "2021.05.31"]
[SourceVersion "1"]
[SourceVersionDate "2021.05.31"]
[SourceQuality "1"]

1. d4 Nf6 2. c4 e6 3. g3 c5 4. d5 exd5 5. cxd5 d6 6. Nc3 g6 7. Bg2 Bg7 8. Nf3 0-0 9. 0-0 Re8 10. Bf4 h6 11. Re1 g5 12. Bc1 a6 13. e4 Nbd7 14. a4 Rb8 15. a5 b5 16. axb6 Rxb6 17. Ra2 Rb4 18. Nd2 Ne5 19. Qc2 Rd4 20. Rf1 Nd3 21. Ra3 Nb4 22. Qb1 Bg4 23. f3 Bd7 24. Rf2 Nd3 25. Rf1 Qb6 26. Nb3 Nxc1 27. Qxc1 Rb4 28. Nd2 Bb5 29. Re1 Nd7 30. Bf1 Ne5 31. Nxb5 axb5 32. Kg2 Nc4 33. Nxc4 bxc4 34. Ra2 Bxb2 35. Qc2 c3 36. e5 dxe5 37. Ra6 Qd8 38. Qf5 e4 39. fxe4 c2 40. Rxh6 Bg7 41. Qh7+ Kf8 42. Bd3 Rd4 43. Rf1 Qe7 44. Rg6 Qe5 45. Qh5 c1Q 46. Rxf7+ Kg8 47. Rgxg7+ Qxg7 48. Rxg7+ Kxg7 49. Qxe8 Qb2+ 50. Kh3 Rxd3 51. Qe7+ Kh8 52. e5 g4+ 53. Kxg4 Qe2+ 54. Kg5 Qe3+ 55. Kg6 Qe4+ 56. Kh6 Qe3+ 57. Kg6 Qe4+ 58. Kh6 1/2-1/2

[Event "Bassano del Grappa Mix GM 1st"]
[Site "Bassano del Grappa"]
[Date "2021.03.19"]
[Round "6"]
[White "Sebenik, Matej"]
[Black "Markoja, Boris"]
[Result "1/2-1/2"]
[WhiteElo "2481"]
[BlackElo "2439"]
[PlyCount "21"]
[EventDate "2021.03.17"]
[EventType "swiss"]
[EventRounds "9"]
[EventCountry "ITA"]
[SourceTitle "CBM 201 Extra"]
[Source "ChessBase"]
[SourceDate "2021.05.31"]
[SourceVersion "1"]
[SourceVersionDate "2021.05.31"]
[SourceQuality "1"]

1. e4 c5 2. Nf3 g6 3. d4 cxd4 4. Nxd4 Nc6 5. c4 Bg7 6. Be3 Qb6 7. Nb3 Qd8 8. Nd4 Qb6 9. Nb3 Qd8 10. Nd4 Qb6 11. Nb3 1/2-1/2